000 02205cam a22004694i 4500
003 PE-LiUPU
005 20250731172935.0
008 150623s r 000 0 d
020 _a0802842623
035 _a(Sirsi) i9780802842626
040 _aPE-LiUPU
_bspa
_cPE-LiUPU
_erda
049 _aPRUA
082 0 4 _a251.01
_bJ13
_221
100 1 _aJacks, G. Robert,
_eautor.
245 1 0 _aJust say the word! writing for the Ear /
_cG. Robert Jacks.
264 1 _aMichigan :
_bWilliam B. Erdmans Publishing Company,
_c1996.
300 _a195 páginas ;
_c25 centímetros
336 _atext
_2rdacontent
337 _aunmediated
_2rdamedia
338 _avolume
_2rdacarrier
490 0 _aFor Pastors and Lay Leaders
505 0 _aIntroduction. -Mene, mene, tekel, upharsin. -"Talk to me, brother .. talk to me about Jesus". -Having second thoughts. -The sound of written rhetoric. -Written rhetoric redux. -take out the trash. -What is this thing called "style"?. -Words about words about words about words.. -Tell me a story. -"I love to retell the story". -An omnium-gatherum. -Samples and examples. -Mike's sermon. -Parables from life: "climbing the family tree". -"In God we trust". -"He knew.. he understood". -From conversation to sermon: "A promise.. a mystery". -"Erasing the mistakes". -"the last word-the last laugh!". -""wise as serpents, innocent as doves". -From letter to homily: "Our standing before God". -"What are you doing here?". -"When God cries with us".
526 _aSEG42
526 _aSEG41
526 _aSEG40
526 _aSEG39
526 _aP94
526 _aP87
526 _aP86
526 _aP85
526 _aP77
526 _aP76
526 _aP35
650 0 4 _aHablar en público
_xCristianismo.
650 0 4 _aPredicación.
942 _2ddc
_cBOOK
949 _a251.01 J13
_wDEWEY
_c1
_i44381
_lCCODEBUL1
_mBUL
_r0
_sY
_tBOOK
_u2015-6-24
_xTEOLOGIA
_PP35
_0COMPRA
_o.STAFF. Colección General
994 _aC0
_bPEPRU
596 _a1
999 _a251.01 J13
_wDEWEY
_c21261
_i44381
_f2021-11-10
_g5
_lCCODEBUL1
_mBUL
_r0
_sY
_tBOOK
_u2015-6-24
_xTEOLOGIA
_PP35
_0COMPRA
_o.STAFF. Colección General
_d21261
980 _81
_gALBERTO SANCHEZ Responsable de Automatización